000 00397nam a2200157Ia 4500
008 230917s9999||||xx |||||||||||||| ||und||
020 _cRS15.5
040 _e97246
_aMAIN
041 _aEnglish
082 _a954.5 F272H
100 _aFauja Singh, ed
245 0 _aHistory of the Punjab A D 1000-1526, v3
260 _aPatiala
_bPunjabi University
_c1972
300 _avi, 419 p.
942 _cBK
999 _c202458
_d202458